[Event "FIDE Olympiad Disabilties 2020"]
[Site "Online"]
[Date "2020.11.21"]
[Round "4.16"]
[White "Krishna Reddy Garugu"]
[Black "Draghici Flutur, Gavril"]
[Result "0-1"]
[WhiteElo "1475"]
[BlackElo "2072"]
[Annotator "TA"]
[PlyCount "142"]
[EventDate "2020.11.21"]
[EventType "team-tourn"]
[EventCountry "NET"]
[SourceTitle "playchess.com"]
[Source "ChessBase"]
[SourceQuality "1"]
[WhiteTeam "India"]
[BlackTeam "Spain"]
[WhiteTeamCountry "IND"]
[BlackTeamCountry "ESP"]

1. Nf3 Nf6 2. g3 d5 3. d3 c6 4. Bg2 Bg4 5. Nbd2 Nbd7 6. O-O e6 7. d4 Bd6 8. c3 O-O 9. Re1 Re8 10. Qb3 Qc7 11. e4 dxe4 12. Nxe4 Nxe4 13. Rxe4 Bf5 14. Re1 a5 15. a4 Rad8 16. Be3 h6 17. Nd2 e5 18. d5 Nc5 19. Bxc5 Bxc5 20. Ne4 Bxe4 21. Bxe4 cxd5 22. Bxd5 Bxf2+ 23. Kxf2 Qc5+ 24. Re3 Qxd5 25. Qxd5 Rxd5 26. Rae1 f6 27. R3e2 Red8 28. Re4 Kf7 29. Rc4 R8d7 30. Re2 Ke6 31. g4 R5d6 32. Rc5 b6 33. Rb5 Rc7 34. Ke3 Rc4 35. h3 Kd7 36. Rd2 Rxd2 37. Kxd2 Kc6 38. b3 Rf4 39. Ke2 Re4+ 40. Kf2 g6 41. c4 Rd4 42. Ke2 h5 43. gxh5 gxh5 44. Kf2 Rd3 45. Kg2 h4 46. c5 bxc5 47. Rxa5 Rxb3 48. Ra6+ Rb6 49. Ra8 Kd5 50. a5 Rb3 51. a6 Ke4 52. a7 Rb2+ 53. Kg1 Ra2 54. Rh8 Rxa7 55. Rxh4+ Kd5 56. Rh8 f5 57. h4 c4 58. Kf2 Ke4 59. Ke2 Ra2+ 60. Kd1 f4 61. h5 f3 62. h6 Rh2 63. h7 c3 64. Rc8 Rxh7 65. Rxc3 Rh1+ 66. Kd2 Kf4 67. Rc8 Rh2+ 68. Ke1 e4 69. Re8 Ke3 70. Kd1 f2 71. Rf8 Rh1+ 0-1

[Event "FIDE Olympiad Disabilties 2020"]
[Site "Online"]
[Date "2020.11.21"]
[Round "4.16"]
[White "Lago Carballo, Carmen"]
[Black "Malika, Handa"]
[Result "1/2-1/2"]
[WhiteElo "1328"]
[BlackElo "1345"]
[Annotator "NA RC"]
[PlyCount "70"]
[EventDate "2020.11.21"]
[EventType "team-tourn"]
[EventCountry "NET"]
[SourceTitle "playchess.com"]
[Source "ChessBase"]
[SourceQuality "1"]
[WhiteTeam "Spain"]
[BlackTeam "India"]
[WhiteTeamCountry "ESP"]
[BlackTeamCountry "IND"]

1. e4 c5 2. Nf3 Nc6 3. Bc4 g6 4. d3 Bg7 5. c3 d6 6. O-O Nf6 7. Re1 Bg4 8. h3 Bxf3 9. Qxf3 O-O 10. Nd2 Ne5 11. Qe2 Nxc4 12. Nxc4 b5 13. Nd2 Qb6 14. Nf3 Nd7 15. Be3 Ne5 16. Rad1 Nxf3+ 17. Qxf3 Qb7 18. Bf4 Rfe8 19. Qe3 Rac8 20. e5 dxe5 21. Bxe5 Bxe5 22. Qxe5 Qc7 23. Qxc7 Rxc7 24. f4 e6 25. g4 Rd8 26. Kf2 Rcd7 27. Re3 Kf8 28. h4 h6 29. a3 a5 30. Kf3 Rd6 31. g5 h5 32. Kf2 Ke7 33. Kf3 Kd7 34. b3 Kc6 35. Ke4 Kd7 1/2-1/2

[Event "FIDE Olympiad Disabilties 2020"]
[Site "Online"]
[Date "2020.11.21"]
[Round "4.16"]
[White "Tarun Bhargav Tokala"]
[Black "Fernandez Lago, David"]
[Result "1/2-1/2"]
[WhiteElo "1025"]
[BlackElo "1958"]
[Annotator "TA"]
[PlyCount "111"]
[EventDate "2020.11.21"]
[EventType "team-tourn"]
[EventCountry "NET"]
[SourceTitle "playchess.com"]
[Source "ChessBase"]
[SourceQuality "1"]
[WhiteTeam "India"]
[BlackTeam "Spain"]
[WhiteTeamCountry "IND"]
[BlackTeamCountry "ESP"]

1. e4 c5 2. Nf3 e6 3. d4 cxd4 4. Nxd4 Nf6 5. Nc3 Nc6 6. Be3 Bb4 7. Nxc6 bxc6 8. Bd3 d5 9. exd5 cxd5 10. Bd2 O-O 11. O-O e5 12. a3 Bd6 13. Bg5 Be6 14. Be2 d4 15. Ne4 Be7 16. Nxf6+ Bxf6 17. Bxf6 Qxf6 18. Bg4 Rab8 19. Bxe6 Qxe6 20. Rb1 Rfc8 21. c3 dxc3 22. bxc3 g6 23. h3 Rxb1 24. Qxb1 Rxc3 25. Qb8+ Kg7 26. Qxa7 Qd6 27. Ra1 e4 28. Qb7 Qe5 29. Re1 e3 30. Qb2 exf2+ 31. Qxf2 Qc5 32. Qxc5 Rxc5 33. a4 Ra5 34. Ra1 Kf6 35. Kf2 Ke5 36. Ke3 f5 37. g3 g5 38. Ra3 Kd5 39. Rd3+ Kc4 40. Rd7 Rxa4 41. Rd4+ Kb3 42. Rxa4 Kxa4 43. Kd4 Kb5 44. Ke5 f4 45. gxf4 gxf4 46. Kxf4 Kc5 47. Kg5 Kd6 48. Kh6 Ke7 49. Kxh7 Kf7 50. h4 Kf8 51. h5 Kf7 52. h6 Kf8 53. Kh8 Kf7 54. Kh7 Kf8 55. Kh8 Kf7 56. Kh7 1/2-1/2

[Event "FIDE Olympiad Disabilties 2020"]
[Site "Online"]
[Date "2020.11.21"]
[Round "4.17"]
[White "Barata, Adriano Albiani"]
[Black "Redor, Menandro"]
[Result "1-0"]
[WhiteElo "2144"]
[BlackElo "2019"]
[Annotator "TA"]
[PlyCount "105"]
[EventDate "2020.11.21"]
[EventType "team-tourn"]
[EventCountry "NET"]
[SourceTitle "playchess.com"]
[Source "ChessBase"]
[SourceQuality "1"]
[WhiteTeam "Brazil"]
[BlackTeam "Philippines"]
[WhiteTeamCountry "BRA"]
[BlackTeamCountry "PHI"]

1. e4 d5 2. exd5 Nf6 3. Nf3 Nxd5 4. d4 Bf5 5. a3 e6 6. c4 Nb6 7. Nc3 Nc6 8. h3 Be7 9. Be2 O-O 10. Be3 Bf6 11. O-O Na5 12. b3 c5 13. Rc1 cxd4 14. Nxd4 Bg6 15. c5 Nd5 16. Nxd5 Qxd5 17. b4 Bxd4 18. Bxd4 Nc6 19. Be3 Qa2 20. Ra1 Qb2 21. Bf3 Rfd8 22. Qc1 Qb3 23. Rd1 a6 24. Rd6 Rac8 25. Bd1 Qd3 26. Rxd3 Bxd3 27. Bf3 e5 28. Qb2 e4 29. Bg4 Rc7 30. Bf4 Re7 31. Bd6 Ree8 32. Rd1 Ne7 33. Be2 Bxe2 34. Qxe2 Ng6 35. g3 f5 36. Bc7 Rc8 37. Qc4+ Kh8 38. Bd6 h6 39. Qf7 Ne5 40. Bxe5 Rxe5 41. Rd7 Rg8 42. Re7 Rxe7 43. Qxe7 Rb8 44. Qc7 Re8 45. Qxb7 e3 46. fxe3 Rxe3 47. Kf2 Rxa3 48. c6 Ra2+ 49. Ke1 h5 50. c7 h4 51. c8=Q+ Kh7 52. Qxf5+ Kh6 53. Qc6+ 1-0

[Event "FIDE Olympiad Disabilties 2020"]
[Site "Online"]
[Date "2020.11.21"]
[Round "4.17"]
[White "Aguilera, Felix"]
[Black "Maia, Jose Eduardo Bastos "]
[Result "0-1"]
[WhiteElo "1785"]
[BlackElo "2043"]
[Annotator "TA"]
[PlyCount "72"]
[EventDate "2020.11.21"]
[EventType "team-tourn"]
[EventCountry "NET"]
[SourceTitle "playchess.com"]
[Source "ChessBase"]
[SourceQuality "1"]
[WhiteTeam "Philippines"]
[BlackTeam "Brazil"]
[WhiteTeamCountry "PHI"]
[BlackTeamCountry "BRA"]

1. c4 Nf6 2. Nc3 e6 3. d4 Bb4 4. Qc2 O-O 5. e3 b5 6. cxb5 Bb7 7. f3 c6 8. a4 a6 9. bxc6 Nxc6 10. Bd2 Rc8 11. Bd3 e5 12. Nge2 exd4 13. exd4 Re8 14. O-O Qb6 15. Kh1 Nxd4 16. Nxd4 Qxd4 17. Rad1 Qh4 18. Be1 Qh5 19. Qf2 Bd6 20. Bxh7+ Nxh7 21. Rxd6 Ng5 22. Qh4 Rxe1 23. Qxe1 Nxf3 24. gxf3 Bxf3+ 25. Kg1 Rc4 26. Rxf3 Qxf3 27. Ne2 Rc2 28. Qf2 Qg4+ 29. Kf1 Rxe2 30. Qxe2 Qf4+ 31. Ke1 Qxd6 32. Qe8+ Kh7 33. Qxf7 Qe5+ 34. Kd1 d5 35. Qb7 Qd4+ 36. Kc1 Qxa4 0-1

[Event "FIDE Olympiad Disabilties 2020"]
[Site "Online"]
[Date "2020.11.21"]
[Round "4.17"]
[White "Lopes, Marcia Maria Dias"]
[Black "Tellor, Max Dave"]
[Result "0-1"]
[WhiteElo "1363"]
[BlackElo "1771"]
[Annotator "NA RC"]
[PlyCount "58"]
[EventDate "2020.11.21"]
[EventType "team-tourn"]
[EventCountry "NET"]
[SourceTitle "playchess.com"]
[Source "ChessBase"]
[SourceQuality "1"]
[WhiteTeam "Brazil"]
[BlackTeam "Philippines"]
[WhiteTeamCountry "BRA"]
[BlackTeamCountry "PHI"]

1. d4 Nf6 2. Bf4 d5 3. Nf3 Bg4 4. e3 e6 5. Nbd2 Bd6 6. Bg3 Nbd7 7. Be2 Bxg3 8. hxg3 Qe7 9. Ne5 Bxe2 10. Qxe2 a6 11. c3 c5 12. f4 g6 13. c4 dxc4 14. Ndxc4 Nxe5 15. dxe5 Ne4 16. Qf3 f5 17. Rd1 Rd8 18. O-O O-O 19. g4 b5 20. gxf5 gxf5 21. Na5 Qc7 22. Rxd8 Rxd8 23. Nb3 Qd7 24. Rd1 Qxd1+ 25. Qxd1 Rxd1+ 26. Kh2 Rb1 27. a3 Rxb2 28. Nc1 c4 29. Kh3 Rc2 0-1

[Event "FIDE Olympiad Disabilties 2020"]
[Site "Online"]
[Date "2020.11.21"]
[Round "4.17"]
[White "Angot, Cheryl A."]
[Black "Polo, Tiago Dias"]
[Result "1-0"]
[WhiteElo "1315"]
[BlackElo "1856"]
[Annotator "NA RC"]
[PlyCount "113"]
[EventDate "2020.11.21"]
[EventType "team-tourn"]
[EventCountry "NET"]
[SourceTitle "playchess.com"]
[Source "ChessBase"]
[SourceQuality "1"]
[WhiteTeam "Philippines"]
[BlackTeam "Brazil"]
[WhiteTeamCountry "PHI"]
[BlackTeamCountry "BRA"]

1. c4 Nf6 2. Nc3 e6 3. e4 d6 4. d4 Be7 5. Nf3 b6 6. Bd3 O-O 7. O-O Bb7 8. Qe2 c5 9. e5 Nfd7 10. exd6 Bxd6 11. Ne4 Nf6 12. Bg5 Be7 13. Bxf6 Bxf6 14. dxc5 Nc6 15. Rad1 Qe7 16. Nd6 bxc5 17. h4 Nd4 18. Nxd4 cxd4 19. Nxb7 Qxb7 20. Be4 Qa6 21. Bxa8 Rxa8 22. b3 Rf8 23. g3 Qb6 24. Rd3 a5 25. Qe4 h6 26. f4 Qc5 27. Kh2 a4 28. Rb1 axb3 29. axb3 Qa3 30. Qe2 Qb4 31. Qd2 Qc5 32. Ra1 Rb8 33. Ra5 Qc6 34. Qg2 Qc7 35. Ra8 Rxa8 36. Qxa8+ Kh7 37. Qe4+ Kg8 38. Rxd4 Bxd4 39. Qxd4 Qb7 40. Qc3 Qe4 41. Kg1 Qe2 42. c5 Qd1+ 43. Kf2 Qh1 44. c6 Qh2+ 45. Ke1 Qg1+ 46. Kd2 Qf2+ 47. Kc1 Qf1+ 48. Kb2 Qe2+ 49. Qc2 Qe3 50. c7 Qd4+ 51. Kb1 g6 52. c8=Q+ Kg7 53. Q8c3 Qxc3 54. Qxc3+ Kg8 55. b4 Kf8 56. b5 Ke7 57. b6 1-0

[Event "FIDE Olympiad Disabilties 2020"]
[Site "Online"]
[Date "2020.11.21"]
[Round "4.18"]
[White "Soltanov, Serik"]
[Black "Osorio, Jesus Camilo"]
[Result "1/2-1/2"]
[WhiteElo "2266"]
[BlackElo "1859"]
[Annotator "TA"]
[PlyCount "66"]
[EventDate "2020.11.21"]
[EventType "team-tourn"]
[EventCountry "NET"]
[SourceTitle "playchess.com"]
[Source "ChessBase"]
[SourceQuality "1"]
[WhiteTeam "Kazakhstan"]
[BlackTeam "Panama"]
[WhiteTeamCountry "KAZ"]
[BlackTeamCountry "PAN"]

1. d4 d5 2. Nf3 Nf6 3. Bf4 c6 4. e3 Bg4 5. Be2 e6 6. h3 Bh5 7. Nbd2 Bd6 8. Bxd6 Qxd6 9. Ne5 Bxe2 10. Qxe2 Nbd7 11. Ndf3 Qe7 12. O-O O-O 13. c3 Nxe5 14. Nxe5 Nd7 15. Nxd7 Qxd7 16. e4 f5 17. exf5 exf5 18. Rfe1 Rae8 19. Qd3 g6 20. Re5 Rxe5 21. dxe5 f4 22. f3 Qe6 23. Qd4 b6 24. Re1 Rf5 25. b4 c5 26. bxc5 bxc5 27. Qxc5 Rxe5 28. Rxe5 Qxe5 29. Qxa7 Qe1+ 30. Kh2 Qg3+ 31. Kg1 Qe1+ 32. Kh2 Qg3+ 33. Kg1 Qe1+ 1/2-1/2

[Event "FIDE Olympiad Disabilties 2020"]
[Site "Online"]
[Date "2020.11.21"]
[Round "4.18"]
[White "Zhukovskaya, Nina"]
[Black "Arias Cano, Iliak Omar"]
[Result "1-0"]
[WhiteElo "1475"]
[BlackElo "1882"]
[Annotator "NA RC"]
[PlyCount "145"]
[EventDate "2020.11.21"]
[EventType "team-tourn"]
[EventCountry "NET"]
[SourceTitle "playchess.com"]
[Source "ChessBase"]
[SourceQuality "1"]
[WhiteTeam "Kazakhstan"]
[WhiteTeamCountry "KAZ"]

1. c4 Nf6 2. Nc3 e5 3. d3 h6 4. g3 d6 5. Bg2 c6 6. Nf3 Be7 7. O-O O-O 8. Rb1 Nbd7 9. b4 a6 10. a4 Re8 11. b5 axb5 12. axb5 Nc5 13. Nd2 Bd7 14. bxc6 bxc6 15. Nde4 Nfxe4 16. Nxe4 Na4 17. Rb3 Ra6 18. Bd2 c5 19. Nc3 Nxc3 20. Rxc3 Qc7 21. Qc1 Bc6 22. Bxc6 Rxc6 23. Rb3 Rb8 24. Rxb8+ Qxb8 25. Qc2 Rb6 26. Bc3 Bf6 27. e4 h5 28. h3 h4 29. Kg2 Qc8 30. Bd2 g5 31. g4 Qb8 32. Bc3 Qe8 33. Ra1 Qc8 34. Ra7 Rb7 35. Qa2 Rd7 36. Ra8 Qxa8 37. Qxa8+ Rd8 38. Qc6 Kg7 39. Ba5 Rb8 40. Qxd6 Rb2 41. Qxc5 Ra2 42. Bc7 Rd2 43. Qd5 Kg6 44. Bxe5 Bxe5 45. Qxe5 Rxd3 46. Qf5+ Kh6 47. c5 Rd1 48. c6 Rc1 49. Qf6+ Kh7 50. Qxf7+ Kh6 51. c7 Rg1+ 52. Kf3 Rg3+ 53. Ke2 Re3+ 54. Kd2 Rd3+ 55. Kc2 Rd2+ 56. Kb3 Rb2+ 57. Ka3 Rc2 58. Qd7 Rxf2 59. c8=Q Rf3+ 60. Kb4 Rf7 61. Qcc6+ Kg7 62. Qd4+ Kf8 63. Qcd6+ Re7 64. Qxe7+ Kxe7 65. Qb6 Kf7 66. Kc5 Kg7 67. Kd5 Kh7 68. Ke5 Kg7 69. Qf6+ Kh7 70. Ke6 Kg8 71. Qe7 Kh8 72. Kf6 Kg8 73. Qg7# 1-0

[Event "FIDE Olympiad Disabilties 2020"]
[Site "Online"]
[Date "2020.11.21"]
[Round "4.18"]
[White "Singares, Mario Oscar"]
[Black "Kozhabekov, Adilkhan"]
[Result "0-1"]
[WhiteElo "1425"]
[BlackElo "2080"]
[Annotator "TA"]
[PlyCount "64"]
[EventDate "2020.11.21"]
[EventType "team-tourn"]
[EventCountry "NET"]
[SourceTitle "playchess.com"]
[Source "ChessBase"]
[SourceQuality "1"]
[WhiteTeam "Panama"]
[BlackTeam "Kazakhstan"]
[WhiteTeamCountry "PAN"]
[BlackTeamCountry "KAZ"]

1. d4 Nf6 2. c4 b6 3. Nc3 Bb7 4. Nf3 d5 5. Bf4 e6 6. Nb5 Na6 7. e4 dxe4 8. Ne5 Bb4+ 9. Bd2 O-O 10. a3 Bxd2+ 11. Qxd2 c6 12. Nc3 c5 13. O-O-O cxd4 14. Nd5 exd5 15. cxd5 Nc5 16. Qxd4 Nb3+ 17. Kb1 Nxd4 18. Rxd4 Qc7 19. d6 Qc5 20. Rd1 Qxe5 21. d7 e3 22. d8=Q Raxd8 23. Bd3 Rxd3 24. Rxd3 Be4 25. Rhd1 Bxd3+ 26. Rxd3 Qf5 27. fxe3 Qxd3+ 28. Ka2 Ne4 29. h4 Nc3+ 30. bxc3 Qc2+ 31. Ka1 Rd8 32. a4 Rd1# 0-1

[Event "FIDE Olympiad Disabilties 2020"]
[Site "Online"]
[Date "2020.11.21"]
[Round "4.19"]
[White "Aslanhan, Halis"]
[Black "Abatantuono Lattarulo, Giuseppe"]
[Result "0-1"]
[WhiteElo "1810"]
[BlackElo "2112"]
[Annotator "TA"]
[PlyCount "42"]
[EventDate "2020.11.21"]
[EventType "team-tourn"]
[EventCountry "NET"]
[SourceTitle "playchess.com"]
[Source "ChessBase"]
[SourceQuality "1"]
[WhiteTeam "Turkey"]
[BlackTeam "Venezuela"]
[WhiteTeamCountry "TUR"]
[BlackTeamCountry "VEN"]

1. e4 e5 2. Nf3 Nc6 3. d4 exd4 4. Nxd4 Nf6 5. Nxc6 bxc6 6. Bd3 d5 7. e5 Ng4 8. O-O Bc5 9. Bf4 g5 10. Bg3 h5 11. Be2 h4 12. Bxg4 hxg3 13. hxg3 Be6 14. Bxe6 fxe6 15. Qg4 Qe7 16. Re1 O-O-O 17. Nd2 Rdf8 18. Nf3 Qh7 19. Kf1 Qxc2 20. Re2 Rh1+ 21. Ng1 Rxf2+ 0-1

[Event "FIDE Olympiad Disabilties 2020"]
[Site "Online"]
[Date "2020.11.21"]
[Round "4.19"]
[White "Palacios Figueroa, Barbara del Valle"]
[Black "Gungor, Gokhan R"]
[Result "0-1"]
[WhiteElo "1724"]
[BlackElo "1579"]
[Annotator "NA RC"]
[PlyCount "64"]
[EventDate "2020.11.21"]
[EventType "team-tourn"]
[EventCountry "NET"]
[SourceTitle "playchess.com"]
[Source "ChessBase"]
[SourceQuality "1"]
[WhiteTeam "Venezuela"]
[BlackTeam "Turkey"]
[WhiteTeamCountry "VEN"]
[BlackTeamCountry "TUR"]

1. e4 e5 2. Bc4 Nf6 3. d3 Bc5 4. Nf3 d6 5. h3 Nc6 6. c3 O-O 7. O-O Be6 8. Bb3 d5 9. Qe2 dxe4 10. dxe4 Qe7 11. Nbd2 Rfd8 12. Bxe6 Qxe6 13. b4 Bf8 14. Nc4 b5 15. Nb2 a6 16. Bg5 Rd7 17. Bxf6 Qxf6 18. a4 Rad8 19. axb5 axb5 20. Qxb5 Ne7 21. Qxe5 Qc6 22. b5 Qb7 23. Nd4 Ng6 24. Qf5 Re7 25. Nc6 Rd2 26. Nxe7+ Nxe7 27. Qf3 Rxb2 28. c4 Ng6 29. Rfd1 Rb4 30. Rac1 Ne5 31. Qf5 Nxc4 32. Rd5 Nd6 0-1

[Event "FIDE Olympiad Disabilties 2020"]
[Site "Online"]
[Date "2020.11.21"]
[Round "4.19"]
[White "Guleryuz, Zeynep"]
[Black "Polanco Colina, Juan Marcos"]
[Result "0-1"]
[WhiteElo "1199"]
[BlackElo "1729"]
[Annotator "NA RC"]
[PlyCount "120"]
[EventDate "2020.11.21"]
[EventType "team-tourn"]
[EventCountry "NET"]
[SourceTitle "playchess.com"]
[Source "ChessBase"]
[SourceQuality "1"]
[WhiteTeam "Turkey"]
[BlackTeam "Venezuela"]
[WhiteTeamCountry "TUR"]
[BlackTeamCountry "VEN"]

1. d4 Nf6 2. c4 g6 3. Nc3 Bg7 4. e4 d6 5. h3 O-O 6. Nf3 e5 7. d5 c6 8. Be3 Qa5 9. Qd2 cxd5 10. cxd5 a6 11. a3 Rd8 12. b4 Qc7 13. Rc1 Qe7 14. Bb6 Re8 15. Bd3 Nbd7 16. Be3 Nh5 17. Bh6 Bxh6 18. Qxh6 Nf4 19. Be2 Nxg2+ 20. Kf1 Nf4 21. Ng5 Nf6 22. h4 Qf8 23. Qxf8+ Rxf8 24. Nd1 h6 25. Nf3 Nxe4 26. Nc3 Nf6 27. Nd2 Bh3+ 28. Ke1 Rac8 29. Kd1 Bg2 30. Rg1 N6xd5 31. Rxg2 Nxc3+ 32. Rxc3 Rxc3 33. Rg3 Nxe2 34. Kxe2 Rxg3 35. fxg3 f5 36. Nc4 Rd8 37. Kf3 Kf7 38. g4 Ke6 39. gxf5+ gxf5 40. Ne3 d5 41. h5 Rc8 42. Nd1 Rc4 43. Ke3 Rh4 44. Nf2 Rxh5 45. Nd3 Rh3+ 46. Ke2 Rxd3 47. Kxd3 b5 48. Ke3 d4+ 49. Ke2 e4 50. Kd2 f4 51. Kc2 h5 52. Kb2 h4 53. Kb3 h3 54. a4 h2 55. axb5 axb5 56. Ka2 h1=Q 57. Ka3 f3 58. Kb2 f2 59. Kc2 f1=Q 60. Kb2 Qf2+ 0-1

[Event "FIDE Olympiad Disabilties 2020"]
[Site "Online"]
[Date "2020.11.21"]
[Round "4.20"]
[White "Sargissyan, Sargis"]
[Black "Muming, Ardian Syah"]
[Result "1-0"]
[WhiteElo "2269"]
[BlackElo "1431"]
[Annotator "TA"]
[PlyCount "103"]
[EventDate "2020.11.21"]
[EventType "team-tourn"]
[EventCountry "NET"]
[SourceTitle "playchess.com"]
[Source "ChessBase"]
[SourceQuality "1"]
[WhiteTeam "Armenia"]
[BlackTeam "Malaysia"]
[WhiteTeamCountry "ARM"]
[BlackTeamCountry "MAS"]

1. e4 c6 2. Nc3 d5 3. Qe2 d4 4. Nd1 e5 5. g3 Nf6 6. d3 Be7 7. Bg2 Bg4 8. f3 Be6 9. f4 Bb4+ 10. c3 dxc3 11. bxc3 Bd6 12. Nf3 Bg4 13. Nf2 Bxf3 14. Bxf3 c5 15. O-O Nc6 16. Rb1 Qc7 17. f5 h5 18. Bg5 O-O-O 19. Nd1 Be7 20. Ne3 Qd7 21. Nd5 Ng4 22. Bd2 f6 23. h3 Nh6 24. Bxh5 Rdf8 25. Kg2 Nf7 26. Be3 Bd6 27. Rb2 Nfd8 28. Rfb1 Ne7 29. Nxe7+ Bxe7 30. Bf3 Rh7 31. d4 Rfh8 32. h4 Qc7 33. Qc4 cxd4 34. Qxc7+ Kxc7 35. cxd4 exd4 36. Bxd4 b6 37. e5 fxe5 38. Bxe5+ Bd6 39. Rc1+ Kd7 40. Bxd6 Kxd6 41. Rd2+ Ke7 42. Rc7+ Kf6 43. Rd6+ Ke5 44. Rdd7 Re8 45. Re7+ Rxe7 46. Rxe7+ Kd6 47. Rxa7 Ke5 48. Rd7 Rh8 49. g4 Kf6 50. Kg3 b5 51. Kf4 g5+ 52. hxg5# 1-0

[Event "FIDE Olympiad Disabilties 2020"]
[Site "Online"]
[Date "2020.11.21"]
[Round "4.20"]
[White "Mappa, Saharuddin"]
[Black "Atabekyan, Sargis"]
[Result "0-1"]
[WhiteElo "1695"]
[BlackElo "1946"]
[Annotator "TA"]
[PlyCount "126"]
[EventDate "2020.11.21"]
[EventType "team-tourn"]
[EventCountry "NET"]
[SourceTitle "playchess.com"]
[Source "ChessBase"]
[SourceQuality "1"]
[WhiteTeam "Malaysia"]
[BlackTeam "Armenia"]
[WhiteTeamCountry "MAS"]
[BlackTeamCountry "ARM"]

1. e4 d5 2. exd5 Qxd5 3. Nf3 Nf6 4. d4 Bf5 5. c3 Nbd7 6. Be2 Bxb1 7. Rxb1 Qxa2 8. Bf4 Qa5 9. O-O e6 10. Bd3 Bd6 11. Bd2 c6 12. Re1 Qc7 13. h3 h6 14. c4 O-O 15. Qe2 c5 16. Be3 Rfe8 17. Red1 Bf4 18. Nd2 Bxe3 19. fxe3 cxd4 20. exd4 Qf4 21. Be4 Nxe4 22. Nxe4 Nf6 23. Nxf6+ Qxf6 24. Qf2 Qxf2+ 25. Kxf2 Rac8 26. b3 Red8 27. Ke3 Kf8 28. Ra1 a6 29. Rd3 Ke7 30. Rad1 Rd6 31. Ke4 Rcd8 32. g4 f6 33. d5 a5 34. h4 g6 35. g5 exd5+ 36. cxd5 hxg5 37. hxg5 f5+ 38. Ke5 Re8 39. Re3 Kd7+ 40. Kf4 Rxe3 41. Kxe3 Rb6 42. Rd2 Rxb3+ 43. Kd4 Kd6 44. Re2 Rb4+ 45. Kc3 Kxd5 46. Re7 Rg4 47. Rxb7 Rxg5 48. Rb5+ Ke4 49. Rxa5 Rg2 50. Ra4+ Kf3 51. Kd4 f4 52. Ke5 g5 53. Kf5 Rg3 54. Ra2 Ke3 55. Ra3+ Kf2 56. Ra2+ Kg1 57. Ke4 f3 58. Ra3 g4 59. Kf4 Rg2 60. Ra1+ Kh2 61. Ke3 f2 62. Rb1 Rg1 63. Rb2 g3 0-1

[Event "FIDE Olympiad Disabilties 2020"]
[Site "Online"]
[Date "2020.11.21"]
[Round "4.21"]
[White "Sanz Arilla, Luis"]
[Black "Ozturk, Busra"]
[Result "1-0"]
[WhiteElo "2254"]
[BlackElo "1100"]
[Annotator "TA"]
[PlyCount "86"]
[EventDate "2020.11.21"]
[EventType "team-tourn"]
[EventCountry "NET"]
[SourceTitle "playchess.com"]
[Source "ChessBase"]
[SourceQuality "1"]
[WhiteTeam "Spain"]
[BlackTeam "Turkey"]
[WhiteTeamCountry "ESP"]
[BlackTeamCountry "TUR"]

1. d4 d6 2. e4 Nf6 3. f3 g6 4. c4 Bg7 5. Be3 O-O 6. Nc3 Nbd7 7. Qd2 c5 8. Nge2 cxd4 9. Nxd4 Ne5 10. Be2 Qc7 11. b3 a6 12. Rc1 e6 13. O-O Nc6 14. Nxc6 bxc6 15. Rfd1 Rd8 16. e5 Ne8 17. Bf4 Bf8 18. c5 d5 19. Ne4 Bb7 20. Nd6 Rd7 21. b4 Ng7 22. Be3 Nh5 23. g4 Ng7 24. Bf2 Be7 25. a4 f6 26. Bg3 fxe5 27. Bxe5 Qd8 28. Nc4 Bc8 29. Nb6 Raa7 30. Nxd7 Rxd7 31. Qd4 Bg5 32. f4 Bh4 33. b5 axb5 34. axb5 Bb7 35. b6 Rf7 36. Rf1 Qf8 37. Ra1 h5 38. h3 Bg3 39. Bd3 hxg4 40. hxg4 Kh7 41. Kg2 Bh4 42. Rh1 Nf5 43. gxf5 Qh6 1-0

[Event "FIDE Olympiad Disabilties 2020"]
[Site "Online"]
[Date "2020.11.21"]
[Round "4.21"]
[White "Simone, Valeria"]
[Black "Yeter, Orhan"]
[Result "0-1"]
[WhiteElo "1453"]
[BlackElo "1245"]
[Annotator "NA RC"]
[PlyCount "80"]
[EventDate "2020.11.21"]
[EventType "team-tourn"]
[EventCountry "NET"]
[SourceTitle "playchess.com"]
[Source "ChessBase"]
[SourceQuality "1"]
[WhiteTeam "Argentina"]
[BlackTeam "Turkey"]
[WhiteTeamCountry "ARG"]
[BlackTeamCountry "TUR"]

1. Nf3 Nf6 2. c4 c6 3. Nc3 d5 4. e3 e6 5. b3 Be7 6. Bb2 O-O 7. Be2 Nbd7 8. O-O b6 9. a3 Bb7 10. d4 dxc4 11. Bxc4 c5 12. d5 exd5 13. Nxd5 Nxd5 14. Bxd5 Bxd5 15. Qxd5 Nf6 16. Qxd8 Raxd8 17. Rfd1 h6 18. g3 a6 19. a4 Nd5 20. Rd2 Nb4 21. Rad1 Rxd2 22. Rxd2 Rd8 23. Rxd8+ Bxd8 24. Nd2 g6 25. f4 f5 26. Kf1 Kf7 27. Ke2 Ke6 28. h3 h5 29. Kf3 Kd5 30. e4+ fxe4+ 31. Nxe4 Nd3 32. Nf6+ Ke6 33. Be5 Bxf6 34. Ke4 Nf2+ 35. Ke3 Nxh3 36. Bc7 Bd4+ 37. Ke4 b5 38. axb5 axb5 39. Bb6 Nf2+ 40. Kf3 Nd3 0-1

[Event "FIDE Olympiad Disabilties 2020"]
[Site "Online"]
[Date "2020.11.21"]
[Round "4.21"]
[White "Ozgur, Ayhan"]
[Black "Amato, Leonel"]
[Result "0-1"]
[WhiteElo "1426"]
[BlackElo "2100"]
[Annotator "RC"]
[PlyCount "94"]
[EventDate "2020.11.21"]
[EventType "team-tourn"]
[EventCountry "NET"]
[SourceTitle "playchess.com"]
[Source "ChessBase"]
[SourceQuality "1"]
[WhiteTeam "Turkey"]
[BlackTeam "Argentina"]
[WhiteTeamCountry "TUR"]
[BlackTeamCountry "ARG"]

1. e4 c5 2. Nf3 e6 3. d4 cxd4 4. Nxd4 a6 5. Bc4 Qc7 6. Bb3 Nc6 7. Be3 Nf6 8. Nc3 b5 9. a3 Bb7 10. Qd2 Be7 11. Bf4 e5 12. Nxc6 dxc6 13. Bg3 O-O 14. O-O Rad8 15. Qe2 c5 16. Rad1 c4 17. Ba2 Qc5 18. Rxd8 Rxd8 19. Bh4 Rd4 20. Bxf6 Bxf6 21. Rd1 Rxd1+ 22. Qxd1 Qd4 23. Qxd4 exd4 24. Nd5 Bxd5 25. exd5 d3 26. cxd3 cxd3 27. Kf1 Bxb2 28. d6 Kf8 29. Ke1 Bxa3 30. d7 Bb4+ 31. Kd1 Ke7 32. d8=Q+ Kxd8 33. Bxf7 Kc7 34. Bd5 h6 35. Be4 d2 36. Kc2 Kb6 37. Bf3 Kc5 38. Kb3 a5 39. Be2 a4+ 40. Kb2 Ba5 41. h3 b4 42. Bd1 b3 43. f3 Kb4 44. g4 a3+ 45. Kb1 Bb6 46. Ka1 Bd4+ 47. Kb1 a2# 0-1

[Event "FIDE Olympiad Disabilties 2020"]
[Site "Online"]
[Date "2020.11.21"]
[Round "4.21"]
[White "Bingol, Mehmet Ali"]
[Black "Montenegro, Juan Carlos"]
[Result "1-0"]
[WhiteElo "1318"]
[BlackElo "1636"]
[Annotator "NA RC"]
[PlyCount "65"]
[EventDate "2020.11.21"]
[EventType "team-tourn"]
[EventCountry "NET"]
[SourceTitle "playchess.com"]
[Source "ChessBase"]
[SourceQuality "1"]
[WhiteTeam "Turkey"]
[BlackTeam "Argentina"]
[WhiteTeamCountry "TUR"]
[BlackTeamCountry "ARG"]

1. e4 e6 2. Nf3 d5 3. e5 c5 4. d4 Nc6 5. c4 cxd4 6. Nxd4 Nxe5 7. cxd5 exd5 8. Nc3 Nf6 9. Be2 Bc5 10. O-O O-O 11. Re1 Re8 12. Bf4 Neg4 13. h3 Ne5 14. Bb5 Bd7 15. Bxe5 Bxb5 16. Ncxb5 Rc8 17. Rc1 a6 18. Nd6 Bxd6 19. Rxc8 Qxc8 20. Bxd6 Rd8 21. Be7 Re8 22. Bxf6 Rxe1+ 23. Qxe1 gxf6 24. Qe2 Qc5 25. Qg4+ Kf8 26. Qf4 Qa5 27. Qxf6 Ke8 28. Nf5 Qe1+ 29. Kh2 Qe2 30. Qd6 f6 31. Qxd5 Qxb2 32. Qe6+ Kd8 33. Qd6+ 1-0